00383nam a2200097Ia 4500008004100000245009700041245005900138260000900197650003100206856004800237171211s9999 xx 000 0 und d aBio-inorganic Hybrid Nanomaterials: Strategies, Synthesis, Characterization and Applications cEduardo Ruiz Hitzky, Katsuhiko Ariga, and Yuri M. Lvov c2008 xEngineering and Technology uhttp://down.ebook777.com/064/352731718X.pdf